इस सदी के सामने: (Record no. 201420)
[ view plain ]
| 000 -LEADER | |
|---|---|
| fixed length control field | 00908nam a22002057a 4500 |
| 005 - DATE AND TIME OF LATEST TRANSACTION | |
| control field | 20240313121338.0 |
| 010 ## - LCCN (DPL NO) | |
| LC control number | HIN-127072 |
| 020 ## - INTERNATIONAL STANDARD BOOK NUMBER | |
| International Standard Book Number | 9789389373936 |
| Terms of availability | 650.00 |
| 035 ## - SYSTEM CONTROL NUMBER | |
| System control number | HN-99418 |
| 037 ## - SOURCE OF ACQUISITION | |
| Source of stock number/acquisition | DBAD/PUB |
| 082 ## - DEWEY DECIMAL CLASSIFICATION NUMBER | |
| Classification number | 821 |
| 245 ## - TITLE STATEMENT | |
| Title | इस सदी के सामने: |
| Remainder of title | 200 के बाद की युवा कविता/ |
| Statement of responsibility, etc | राजेश जोशी और आरती द्वारा सम्पादित |
| 250 ## - EDITION STATEMENT | |
| Edition statement | 1 |
| 260 ## - PUBLICATION, DISTRIBUTION, ETC. (IMPRINT) | |
| Place of publication, distribution, etc | दिल्ली |
| Name of publisher, distributor, etc | राजपाल एंड संस |
| Date of publication, distribution, etc | 2024 |
| 270 ## - ADDRESS | |
| Address | 1590 मदरसा रोड कश्मीरी गेट |
| City | दिल्ली |
| Postal code | 110006 |
| 300 ## - PHYSICAL DESCRIPTION | |
| Extent | 415पृष्ठ; |
| Dimensions | 22सेमी(अजिल्द) |
| 710 ## - ADDED ENTRY--CORPORATE NAME | |
| Corporate name or jurisdiction name as entry element | आरती |
| 9 (RLIN) | 63149 |
| Relator term | संपादक |
| 710 ## - ADDED ENTRY--CORPORATE NAME | |
| Corporate name or jurisdiction name as entry element | जोशी ,राजेश |
| Relator term | संपादक |
| 9 (RLIN) | 63216 |
| 942 ## - ADDED ENTRY ELEMENTS (KOHA) | |
| Source of classification or shelving scheme | Dewey Decimal Classification |
| Item type | Hindi Books |
| Classification part | 821 |
| Call number suffix | इसस |
| Withdrawn status | Lost status | Not for loan | Collection code | Home library | Current library | Date acquired | Source of acquisition | Cost, normal purchase price | Full call number | Barcode | Copy number | Cost, replacement price | Koha item type |
|---|---|---|---|---|---|---|---|---|---|---|---|---|---|
| Not For Loan | Non-fiction | Tri Nagar | Tri Nagar | 12/03/2024 | DBAD/PUB | 650.00 | 821 इसस | HN-99418 | 1 | 650.00 | Hindi Books |
